| 000 | 00578nam a22002057a 4500 | ||
|---|---|---|---|
| 005 | 20181204113817.0 | ||
| 008 | 140315b xxu||||| |||| 00| 0 eng d | ||
| 020 |
_a0195670825 _c525.00 |
||
| 040 | _aLoreto College | ||
| 082 |
_a323 _bBAJ |
||
| 100 | _aBajpai,Asha | ||
| 245 |
_aChild rights in India _bLaw,policy and practice _cAsha Bajpai |
||
| 250 | _a2nd ed. | ||
| 260 |
_aNew Delhi _bOxford University Press _c2013 |
||
| 300 |
_alxxix,509p _b22cm |
||
| 504 | _aIncludes bibliographical references and index | ||
| 650 | _aHuman rights | ||
| 850 | _aLCLIB | ||
| 942 | _cBK | ||
| 999 |
_c39102 _d89581 |
||